Assassins Creed Valhalla Quiz - Statistics

General Stats
  • This quiz has been taken 168 times
  • The average score is 12 of 21
Answer Stats
Hint Answer % Correct
What god is Eivor the reincarnation of? Odin
86%
The country you start the game in Norway
85%
What body part does Sigurd lose? Arm
84%
What god is Basim the reincarnation of? Loki
80%
Name of the Assassin who tells Sigurd of his potential Basim
77%
Sigurd's Wifes Name Randvi
72%
King of Wessex Alfred
71%
Leader who killed Eivors Father Kjotve
68%
Island you explore in the "Wrath of the Druids" DLC Ireland
66%
What modern day country is Vinland in? Canada
64%
Island where you meet Kassandra Isle of Skye
63%
What god is Sigurd the reincarnation of? Tyr
58%
Son of Kjotve Gorm
54%
Brother of Ubba Ivarr
51%
Kingdom that includes Ledecesterscire Mercia
47%
Knights, part of the Order of the Ancients, that you must kill Zealots
45%
Name of the Templar's for this game Order of the Ancients
43%
In what region do you meet Soma? Grantebridgescire
34%
Faction you fight in Sciropscire Britons
22%
Name of Eivors home village Heillboer
7%
What Armour Set do you collect in the River Raids? Saint Georges Armour
6%
No matching quizzes found
Score Distribution
Percent of People with Each Score
Percentile by Number Answered
Your Score History
You have not taken this quiz